书目信息 |
| 题名: |
中国传统建筑解析与传承
|
|
| 作者: | ;住房和城乡建设部 编 | |
| 分册: | 安徽卷 | |
| 出版信息: | 北京 中国建筑工业出版社 2016.09 |
|
| 页数: | 281页 | |
| 开本: | 30cm | |
| 丛书名: | ||
| 单 册: | ||
| 中图分类: | TU-092.2 , TU-092.954 | |
| 科图分类: | ||
| 主题词: | 古建筑--建筑艺术--中国 , 古建筑--建筑艺术--安徽 | |
| 电子资源: | ||
| ISBN: | 978-7-112-18860-4 | |
| 000 | 01165nam0 2200265 450 | |
| 001 | 0100004341 | |
| 005 | 20220523155925.03 | |
| 010 | @a978-7-112-18860-4@b精装@dCNY178.00 | |
| 100 | @a20161013d2016 em y0chiy50 ea | |
| 101 | 0 | @achi |
| 102 | @aCN@b110000 | |
| 105 | @aak z 000yy | |
| 200 | 1 | @a中国传统建筑解析与传承@Azhong guo chuan tong jian zhu jie xi yu chuan cheng@i安徽卷@dThe interpretation and inheritance of traditional Chinese architecture@iAnhui volume@f中华人民共和国住房和城乡建设部编@zeng |
| 210 | @a北京@c中国建筑工业出版社@d2016.09 | |
| 215 | @a281页@c图@d30cm | |
| 300 | @a国家出版基金项目 | |
| 330 | @a本书主要内容包括:绪论;多元文化孕育下的类型解析:三个不同的本土文化分区;皖南地区传统建筑风格解析;皖中地区传统建筑风格解析;皖北地区传统建筑风格解析等。 | |
| 510 | 1 | @aInterpretation and inheritance of traditional Chinese architecture@iAnhui volume@zeng |
| 606 | 0 | @a古建筑@x建筑艺术@y中国 |
| 606 | 0 | @a古建筑@x建筑艺术@y安徽 |
| 690 | @aTU-092.2@v5 | |
| 690 | @aTU-092.954@v4 | |
| 711 | 02 | @a住房和城乡建设部@Azhu fang he cheng xiang jian she bu@4编 |
| 801 | 0 | @aCN@c20171024 |
| 905 | @a河南城建学院图书馆@dTU-092.954@eZ551 | |
| 中国传统建筑解析与传承.安徽卷=The interpretation and inheritance of traditional Chinese architecture.Anhui volume/中华人民共和国住房和城乡建设部编.-北京:中国建筑工业出版社,2016.09 |
| 281页:图;30cm |
| 国家出版基金项目 |
| ISBN 978-7-112-18860-4(精装):CNY178.00 |
| 本书主要内容包括:绪论;多元文化孕育下的类型解析:三个不同的本土文化分区;皖南地区传统建筑风格解析;皖中地区传统建筑风格解析;皖北地区传统建筑风格解析等。 |
| ● |
| 相关链接 |
|
|
|
正题名:中国传统建筑解析与传承
索取号:TU-092.954/Z551
 
预约/预借
| 序号 | 登录号 | 条形码 | 馆藏地/架位号 | 状态 | 备注 |
| 1 | 1244840 | 212448403 | 建筑库101/101建筑库 8排2列3层/ [索取号:TU-092.2/Z9113] | 在馆 | |
| 2 | 1339084 | 213390846 | 建筑与城市规划学院资料室/101建筑库 108排3列3层/ [索取号:TU-092.2/Z911-3] | 在馆 |